000 00476nam a22001937a 4500
003 OSt
005 20190204163049.0
008 180320b xxu||||| |||| 00| 0 eng d
020 _a8122418651
040 _cBT-PhCST
050 _a7817
082 _222
_a621.101
_bKOT
100 _aKothandaraman, C. P.
245 _aSteam tables /
250 _a2ND ED.
260 _aNew Delhi,
_bNew Age International,
_cc2006.
300 _a31 p.
_bill. ;
_c17 cm.
942 _2ddc
_cCIVIL
999 _c1200
_d1200